[Event "Iberoamerican-ch 8th"]
[Site "Mexico City"]
[Date "2022.02.12"]
[Round "1"]
[White "Hernandez Yescas, Miguel Alejandro"]
[Black "Alonso Rosell, Alvar"]
[Result "0-1"]
[WhiteElo "1976"]
[BlackElo "2570"]
[PlyCount "54"]
[EventDate "2022.02.12"]
[EventType "swiss"]
[EventRounds "9"]
[EventCountry "MEX"]
[SourceTitle "CBM 206 Extra"]
[Source "ChessBase"]
[SourceDate "2022.03.31"]
[SourceVersion "1"]
[SourceVersionDate "2022.03.31"]
[SourceQuality "1"]

1. e4 c6 2. d4 d5 3. e5 Bf5 4. Nf3 e6 5. Be2 Ne7 6. 0-0 h6 7. Be3 Nd7 8. Nbd2 g5 9. b4 Qc7 10. c3 Bg7 11. Nb3 b6 12. Nfd2 Bg6 13. Bh5 0-0 14. Bxg6 Nxg6 15. Qh5 c5 16. bxc5 bxc5 17. f4 gxf4 18. Bxf4 c4 19. Nc1 Nxf4 20. Rxf4 f6 21. Qg6 fxe5 22. Qxe6+ Kh8 23. Rxf8+ Rxf8 24. dxe5 Qc5+ 25. Kh1 Qf2 26. Nf3 Rxf3 27. gxf3 Qf1# 0-1

[Event "Mexico City Latinoamericano op 1st"]
[Site "Mexico City"]
[Date "2021.11.08"]
[Round "7"]
[White "Hernandez Yescas, Miguel Alejandro"]
[Black "Lopez Rayo, Santiago"]
[Result "1-0"]
[WhiteElo "1861"]
[BlackElo "2082"]
[PlyCount "121"]
[EventDate "2021.11.04"]
[EventType "swiss"]
[EventRounds "9"]
[EventCountry "MEX"]
[SourceTitle "EXT 2023"]
[Source "ChessBase"]
[SourceDate "2022.10.05"]
[SourceVersion "1"]
[SourceVersionDate "2022.10.05"]
[SourceQuality "1"]

1. e4 c5 2. Nf3 e6 3. Nc3 a6 4. d4 cxd4 5. Nxd4 Qc7 6. a3 Nc6 7. Be3 b5 8. Nxc6 dxc6 9. Be2 Bb7 10. 0-0 c5 11. f3 Nf6 12. Qe1 Bd6 13. g3 h5 14. Qf2 Rc8 15. Rfd1 h4 16. Bxb5+ Ke7 17. g4 Bf4 18. Ba4 g5 19. Rd2 Bxe3 20. Qxe3 Qe5 21. Rad1 Rhd8 22. Rxd8 Rxd8 23. Rxd8 Kxd8 24. Bb3 Ke7 25. Na4 Nd7 26. Bc4 f6 27. Qd3 Qf4 28. Qf1 f5 29. gxf5 exf5 30. Nc3 Ne5 31. Be2 Kf6 32. Qf2 h3 33. Qxc5 Nxf3+ 34. Bxf3 Qxf3 35. Qxf5+ Qxf5 36. exf5 Kxf5 37. Kf2 Kf4 38. Ne2+ Ke4 39. Ng3+ Kd4 40. Nf5+ Ke5 41. Ne3 Kd4 42. Ng4 Be4 43. Ne3 Bb7 44. c4 Bc6 45. b4 Kc3 46. Kg3 Kb3 47. Kxh3 Bd7+ 48. Kg3 Kxa3 49. b5 axb5 50. cxb5 Bxb5 51. Kg4 Kb4 52. Kxg5 Kc5 53. h4 Be8 54. Nf5 Kd5 55. Ng7 Bf7 56. Kf6 Bg8 57. h5 Bh7 58. h6 Kd6 59. Nf5+ Kd7 60. Ne7 Ke8 61. Ng6 1-0

[Event "Mexico City Latinoamericano op 1st"]
[Site "Mexico City"]
[Date "2021.11.07"]
[Round "5"]
[White "Hernandez Yescas, Miguel Alejandro"]
[Black "Amezcua Luria, Jesus"]
[Result "1/2-1/2"]
[WhiteElo "1861"]
[BlackElo "2043"]
[PlyCount "354"]
[EventDate "2021.11.04"]
[EventType "swiss"]
[EventRounds "9"]
[EventCountry "MEX"]
[SourceTitle "EXT 2023"]
[Source "ChessBase"]
[SourceDate "2022.10.05"]
[SourceVersion "1"]
[SourceVersionDate "2022.10.05"]
[SourceQuality "1"]

1. e4 e5 2. Nf3 Nc6 3. Nc3 Nf6 4. a3 d6 5. d4 exd4 6. Nxd4 Bd7 7. Be2 Be7 8. 0-0 0-0 9. f4 a6 10. Bf3 Nxd4 11. Qxd4 c5 12. Qd3 Bc6 13. Be3 Qc7 14. g4 Rac8 15. g5 Nd7 16. Ne2 Rfe8 17. Ng3 g6 18. Kg2 Bf8 19. Rh1 b5 20. Rae1 Nb6 21. b3 Rcd8 22. c4 Qb7 23. h4 Qd7 24. h5 a5 25. Rh4 Re7 26. f5 a4 27. f6 Ree8 28. hxg6 fxg6 29. cxb5 Bb7 30. bxa4 d5 31. e5 Rxe5 32. Bxc5 Rxe1 33. Bxb6 Rde8 34. Bf2 R1e5 35. Rg4 Qd6 36. Bd4 Re1 37. Bc3 R1e3 38. Qd4 R3e5 39. f7+ Kxf7 40. Qf4+ Kg8 41. Bxe5 Rxe5 42. Qb4 Qc7 43. Qb3 Qc1 44. Ne2 Qd2 45. Kf1 Re3 46. Rd4 Qxe2+ 47. Bxe2 Rxb3 48. Bd1 Rxa3 49. Ke1 Be7 50. Rg4 Kf7 51. Kd2 Ke6 52. Kc2 Ke5 53. Kb2 d4 54. Rh4 Bd5 55. Rxh7 Ra2+ 56. Kb1 Bb4 57. Bc2 Bc3 58. Bxg6 Bb3 59. Kc1 Rg2 60. Rh1 Rxg5 61. Bc2 Bc4 62. Rd1 Rg2 63. b6 Rg7 64. Rh1 Kd6 65. Be4 Ba6 66. Kc2 Re7 67. Bf3 Kc5 68. Rh6 Ba5 69. Rc6+ Kb4 70. Bd5 Kxa4 71. Rd6 d3+ 72. Kb2 Kb5 73. Bf3 Kc5 74. Rc6+ Kd4 75. Kb3 Ke3 76. Bd1 Re4 77. Rc5 Bxb6 78. Rc6 Bc4+ 79. Rxc4 Re5 80. Bg4 Bd4 81. Rc6 Rg5 82. Re6+ Kd2 83. Bf3 Rc5 84. Be4 Rc3+ 85. Kb4 Rc7 86. Rc6 Re7 87. Bf5 Re5 88. Bg6 Ke3 89. Kc4 d2 90. Bc2 Bb2 91. Bd1 Kf2 92. Kd3 Ke1 93. Kc2 Bd4 94. Rc4 Be3 95. Rc3 Bg5 96. Rc4 Ra5 97. Re4+ Kf1 98. Be2+ Kf2 99. Bg4 Rc5+ 100. Kb3 Be3 101. Re8 Rg5 102. Bd1 Rg3 103. Kc2 Rg5 104. Rc8 Ra5 105. Rd8 Ra1 106. Bh5 Rc1+ 107. Kb2 Rg1 108. Kc2 Rg5 109. Bd1 Rc5+ 110. Kb2 Bf4 111. Rd3 Be3 112. Bg4 Bh6 113. Bd1 Ke1 114. Bf3 Bg7+ 115. Kb3 Rc1 116. Bg4 Rb1+ 117. Kc4 Bf8 118. Bf3 Rb4+ 119. Kc3 Rf4 120. Kc2 Rxf3 121. Rxd2 Rf7 122. Rg2 Bh6 123. Kd3 Rd7+ 124. Ke4 Bd2 125. Rg3 Kd1 126. Ra3 Rh7 127. Ra6 Ke2 128. Re6 Rh4+ 129. Kd5+ Kd3 130. Re8 Bc3 131. Re7 Rh5+ 132. Kc6 Kc4 133. Re4+ Bd4 134. Re6 Rc5+ 135. Kd6 Ra5 136. Kc7 Kc5 137. Rc6+ Kd5 138. Rd6+ Ke5 139. Rd8 Ra6 140. Kb7 Rh6 141. Rd7 Bc5 142. Rd1 Bd4 143. Rb1 Kd5 144. Rb5+ Bc5 145. Rb3 Rh7+ 146. Ka6 Kc6 147. Rb6+ Kd5 148. Rb7 Rh1 149. Kb5 Rh4 150. Rd7+ Bd6 151. Rd8 Rb4+ 152. Ka5 Rb1 153. Rc8 Bc5 154. Ka6 Rb6+ 155. Ka5 Kc4 156. Rg8 Rb7 157. Rg4+ Bd4 158. Rg6 Ra7+ 159. Ra6 Bc3+ 160. Kb6 Bd4+ 161. Ka5 Rb7 162. Rc6+ Bc5 163. Rg6 Bd4 164. Rc6+ Kd5 165. Rg6 Bc5 166. Rg5+ Kc6 167. Rg6+ Bd6 168. Ka6 Rb3 169. Rg5 Rb8 170. Ka7 Rb6 171. Rh5 Rb4 172. Ka6 Rg4 173. Rf5 Rg8 174. Rf7 Rg6 175. Rh7 Bc7 176. Rh5 Bb6 177. Rh6 Rxh6 1/2-1/2

[Event "Mexico City Latinoamericano op 1st"]
[Site "Mexico City"]
[Date "2021.11.06"]
[Round "3"]
[White "Hernandez Yescas, Miguel Alejandro"]
[Black "Garcia De Dios, Jose Antonio"]
[Result "1-0"]
[WhiteElo "1861"]
[BlackElo "2189"]
[PlyCount "142"]
[EventDate "2021.11.04"]
[EventType "swiss"]
[EventRounds "9"]
[EventCountry "MEX"]
[SourceTitle "EXT 2023"]
[Source "ChessBase"]
[SourceDate "2022.10.05"]
[SourceVersion "1"]
[SourceVersionDate "2022.10.05"]
[SourceQuality "1"]

1. e4 e6 2. d4 d5 3. Nd2 c5 4. exd5 Qxd5 5. dxc5 Bxc5 6. Ngf3 Nf6 7. Bc4 Qc6 8. 0-0 0-0 9. Qe2 Qc7 10. Nb3 Bd6 11. Bg5 a6 12. Bxf6 gxf6 13. Bd3 Be7 14. Rfe1 Nc6 15. Qe4 f5 16. Qe2 Bf6 17. c3 Kh8 18. Nbd4 Rg8 19. Kh1 b6 20. Nxc6 Qxc6 21. Rg1 Bb7 22. Ne1 Rg4 23. f3 Rg5 24. Rd1 Qc7 25. g3 Qc6 26. Rg2 Rd8 27. Bc2 Rdg8 28. Rd2 h5 29. Qe3 Qc7 30. Bd1 R5g6 31. Bc2 Kh7 32. Nd3 Bg5 33. Nf4 e5 34. Bxf5 exf4 35. Qe2 Kh6 36. Bxg6 Rxg6 37. Qe8 Qc8 38. Qxf7 Bxf3 39. gxf4 Bxg2+ 40. Rxg2 Rg7 41. fxg5+ Kh7 42. Qxh5+ Kg8 43. Qf3 Rf7 44. Qd5 Kg7 45. Qd4+ Kg8 46. Rf2 Qc6+ 47. Kg1 Rd7 48. Qg4 Re7 49. Qf3 Qc5 50. Qf8+ Kh7 51. Qh6+ Kg8 52. Qf8+ Kh7 53. Qf5+ Qxf5 54. Rxf5 Kg6 55. Rf6+ Kxg5 56. Rxb6 Re2 57. a4 Kg4 58. b4 a5 59. bxa5 Ra2 60. Rb3 Kf3 61. c4+ Ke4 62. Rb4 Kf3 63. h4 Ra1+ 64. Kh2 Ra2+ 65. Kh3 Ra1 66. Rb3+ Kf4 67. c5 Rxa4 68. c6 Rxa5 69. Rc3 Ra8 70. c7 Rc8 71. Rc5 Ra8 1-0